Textbook on torts / (Record no. 454)

000 -LEADER
fixed length control field 01046cam a2200289 a 4500
001 - CONTROL NUMBER
control field 12883002
005 - DATE AND TIME OF LATEST TRANSACTION
control field 20140116120828.0
008 - FIXED-LENGTH DATA ELEMENTS--GENERAL INFORMATION
fixed length control field 020803s2002 enk 001 0 eng
010 ## - LIBRARY OF CONGRESS CONTROL NUMBER
LC control number 2002028267
020 ## - INTERNATIONAL STANDARD BOOK NUMBER
International Standard Book Number 0199255334
040 ## - CATALOGING SOURCE
Original cataloging agency DLC
Transcribing agency DLC
Modifying agency DLC
043 ## - GEOGRAPHIC AREA CODE
Geographic area code e-uk---
050 00 - LIBRARY OF CONGRESS CALL NUMBER
Classification number KD1949.J66 2002
100 1# - MAIN ENTRY--PERSONAL NAME
Personal name Jones, Michael A.
Fuller form of name (Michael A.)
245 10 - TITLE STATEMENT
Title Textbook on torts /
Statement of responsibility, etc Michael A. Jones.
250 ## - EDITION STATEMENT
Edition statement 8th ed.
260 ## - PUBLICATION, DISTRIBUTION, ETC. (IMPRINT)
Place of publication, distribution, etc Oxford ;
-- New York :
Name of publisher, distributor, etc Oxford University Press,
Date of publication, distribution, etc c2002.
300 ## - PHYSICAL DESCRIPTION
Extent lv, 727 p.
500 ## - GENERAL NOTE
General note Includes index.
650 #0 - SUBJECT ADDED ENTRY--TOPICAL TERM
Topical term or geographic name as entry element Torts
Geographic subdivision Great Britain.
650 #0 - SUBJECT ADDED ENTRY--TOPICAL TERM
Topical term or geographic name as entry element Liability (Law)
Geographic subdivision Great Britain.
856 42 - ELECTRONIC LOCATION AND ACCESS
Materials specified Publisher description
Uniform Resource Identifier <a href="http://www.loc.gov/catdir/enhancements/fy0613/2002028267-d.html">http://www.loc.gov/catdir/enhancements/fy0613/2002028267-d.html</a>
856 41 - ELECTRONIC LOCATION AND ACCESS
Materials specified Table of contents only
Uniform Resource Identifier <a href="http://www.loc.gov/catdir/enhancements/fy0613/2002028267-t.html">http://www.loc.gov/catdir/enhancements/fy0613/2002028267-t.html</a>
856 42 - ELECTRONIC LOCATION AND ACCESS
Materials specified Contributor biographical information
Uniform Resource Identifier <a href="http://www.loc.gov/catdir/enhancements/fy0725/2002028267-b.html">http://www.loc.gov/catdir/enhancements/fy0725/2002028267-b.html</a>
906 ## - LOCAL DATA ELEMENT F, LDF (RLIN)
a 7
b cbc
c orignew
d 1
e ocip
f 20
g y-gencatlg
942 ## - ADDED ENTRY ELEMENTS (KOHA)
Source of classification or shelving scheme
Item type Book
Holdings
Withdrawn status Lost status Source of classification or shelving scheme Damaged status Not for loan Home library Current library Date acquired Source of acquisition Total Checkouts Total Renewals Full call number Barcode Date last seen Date last borrowed Copy number Price effective from Koha item type Checked out
          Riara University Library Riara University Library 20/10/2011 Purchase 51 5 KD1949.J66 2002 445/11 19/11/2024 28/10/2024 C.1 20/10/2011 Book  
          Riara University Library Riara University Library 20/10/2011 Purchase 29 6 KD1949.J66 2002 447/11 25/11/2015 25/11/2015 C.2 20/10/2011 Book 29/12/2015
          Riara University Library Riara University Library 20/10/2011 Purchase 35 3 KD1949.J66 2002 446/11 14/11/2025 03/11/2025 C.3 20/10/2011 Book  

Riara University Library,
P.O. Box 49940-00100,
Nairobi, Kenya.